[Event "CZE-chT2F 2223"]
[Site "Czech Republic"]
[Date "2022.11.20"]
[Round "3"]
[White "Jaworski, Miroslaw"]
[Black "Lojek, Marek"]
[Result "0-1"]
[WhiteElo "2166"]
[BlackElo "2118"]
[PlyCount "86"]
[EventDate "2022.10.16"]
[EventType "team-tourn"]
[EventRounds "11"]
[EventCountry "CZE"]
[SourceTitle "EXT 2024"]
[Source "ChessBase"]
[SourceDate "2023.10.10"]
[SourceVersion "1"]
[SourceVersionDate "2023.10.10"]
[SourceQuality "1"]
[WhiteTeam "Havirov Slovan"]
[BlackTeam "Orlova Slavia II"]
[WhiteTeamCountry "CZE"]
[BlackTeamCountry "CZE"]

1. d4 Nf6 2. c4 c5 3. Nf3 cxd4 4. Nxd4 e5 5. Nb5 d5 6. cxd5 Bc5 7. N5c3 0-0 8. e3 e4 9. Be2 Bf5 10. g4 Bg6 11. h4 h6 12. Rg1 Qd6 13. Rg2 Rd8 14. g5 hxg5 15. hxg5 Nxd5 16. Nxd5 Qxd5 17. Qxd5 Rxd5 18. Nc3 Re5 19. Bd2 Nc6 20. 0-0-0 Be7 21. Rdg1 Rd8 22. Bc4 Rc5 23. Be2 Nb4 24. a3 Na2+ 25. Kc2 Rdd5 26. Be1 Nxc3 27. Bxc3 Rxg5 28. b4 Rxg2 29. Rxg2 Rc6 30. Kb3 Bf6 31. Bd4 Bxd4 32. exd4 f5 33. Bc4+ Bf7 34. Bxf7+ Kxf7 35. d5 Rc1 36. a4 Kf6 37. a5 b5 38. axb6 axb6 39. Ka4 Rc2 40. d6 Rd2 41. Kb5 Rxd6 42. Rg1 f4 43. Rc1 g5 0-1

[Event "POL-chT 2nd League"]
[Site "Sypniewo"]
[Date "2021.09.07"]
[Round "4.11"]
[White "Budnik, Mateusz"]
[Black "Jaworski, Miroslaw"]
[Result "1/2-1/2"]
[WhiteElo "2008"]
[BlackElo "2185"]
[PlyCount "91"]
[EventDate "2021.09.04"]
[EventType "team-swiss"]
[EventRounds "9"]
[EventCountry "POL"]
[SourceTitle "CBM 204 Extra"]
[Source "ChessBase"]
[SourceDate "2021.11.30"]
[SourceVersion "1"]
[SourceVersionDate "2021.11.30"]
[SourceQuality "1"]
[WhiteTeam "Warszawa Zugzwang"]
[BlackTeam "Raciborz Silesia"]
[WhiteTeamCountry "POL"]
[BlackTeamCountry "POL"]

1. Nf3 c5 2. b3 d5 3. Bb2 Nc6 4. e3 a6 5. Be2 Nf6 6. 0-0 g6 7. d4 cxd4 8. Nxd4 Bg7 9. Nxc6 bxc6 10. c4 0-0 11. Nd2 a5 12. Nf3 Qd6 13. Be5 Qe6 14. Rc1 Ba6 15. cxd5 cxd5 16. Bxa6 Rxa6 17. Qd4 Ne8 18. Bxg7 Nxg7 19. Rc5 Rd8 20. Rfc1 Nf5 21. Qa4 Qd7 22. Qxd7 Rxd7 23. Rd1 e6 24. e4 Ne7 25. Ne5 Rb7 26. exd5 Nxd5 27. Nd3 Kg7 28. Rxd5 exd5 29. Nc5 Rab6 30. Nxb7 Rxb7 31. Rxd5 a4 32. Rd3 Rc7 33. g3 Rc2 34. bxa4 Rxa2 35. Rd4 h5 36. h4 Kf6 37. Kg2 Ke5 38. Rb4 Ra3 39. Rb5+ Kf6 40. Ra5 Ke6 41. Ra8 Kf5 42. a5 Kf6 43. a6 Kf5 44. a7 Kf6 45. Kh3 Kf5 46. Kg2 1/2-1/2

[Event "POL-chT 2nd League"]
[Site "Poronin"]
[Date "2020.09.07"]
[Round "3.10"]
[White "Flis, Pawel"]
[Black "Jaworski, Miroslaw"]
[Result "1/2-1/2"]
[WhiteElo "1864"]
[BlackElo "2196"]
[PlyCount "42"]
[EventDate "2020.09.05"]
[EventType "team-swiss"]
[EventRounds "9"]
[EventCountry "POL"]
[SourceTitle "CBM 198 Extra"]
[Source "ChessBase"]
[SourceDate "2020.11.30"]
[SourceVersion "1"]
[SourceVersionDate "2020.11.30"]
[SourceQuality "1"]
[WhiteTeam "Lodz Okucia Budowlane"]
[BlackTeam "Raciborz Silesia"]
[WhiteTeamCountry "POL"]
[BlackTeamCountry "POL"]

1. Nf3 c5 2. g3 d5 3. Bg2 Nf6 4. 0-0 g6 5. d3 Nc6 6. Nbd2 Bg7 7. e4 0-0 8. c3 e5 9. Qb3 d4 10. cxd4 cxd4 11. Nc4 Qc7 12. Bd2 h6 13. Rfc1 Be6 14. Nh4 Rab8 15. Qa3 Rfd8 16. b4 Bf8 17. Qb2 Bxc4 18. Rxc4 b5 19. Rc2 Qd7 20. Rac1 Rdc8 21. h3 Qd6 1/2-1/2

[Event "CZE-chT2F 1920"]
[Site "Czech Republic"]
[Date "2019.12.15"]
[Round "5.3"]
[White "Jaworski, Miroslaw"]
[Black "Didi, Jan"]
[Result "1/2-1/2"]
[WhiteElo "2193"]
[BlackElo "2041"]
[PlyCount "39"]
[EventDate "2019.10.13"]
[EventType "team-tourn"]
[EventRounds "11"]
[EventCountry "CZE"]
[SourceTitle "EXT 2024"]
[Source "ChessBase"]
[SourceDate "2023.10.10"]
[SourceVersion "1"]
[SourceVersionDate "2023.10.10"]
[SourceQuality "1"]
[WhiteTeam "Havirov Slovan"]
[BlackTeam "Ostrava TJ Nova Hut II"]
[WhiteTeamCountry "CZE"]
[BlackTeamCountry "CZE"]

1. Nf3 Nf6 2. c4 c5 3. Nc3 d5 4. cxd5 Nxd5 5. g3 Nc6 6. Bg2 Nc7 7. 0-0 e5 8. d3 Be7 9. Nd2 Be6 10. Bxc6+ bxc6 11. Qa4 Qd7 12. Nc4 f6 13. Be3 Nd5 14. Ne4 Nxe3 15. Nxe3 f5 16. Nd2 0-0 17. Nec4 Qc7 18. Rfe1 Rad8 19. Rac1 Bg5 20. Rc2 1/2-1/2

[Event "CZE-chT2F 1819"]
[Site "Czech Republic"]
[Date "2019.03.31"]
[Round "11.2"]
[White "Jaworski, Miroslaw"]
[Black "Fargac, Martin"]
[Result "1/2-1/2"]
[WhiteElo "2196"]
[BlackElo "2255"]
[PlyCount "76"]
[EventDate "2018.10.14"]
[EventType "team-tourn"]
[EventRounds "11"]
[EventCountry "CZE"]
[SourceTitle "EXT 2022"]
[Source "ChessBase"]
[SourceDate "2021.10.06"]
[SourceVersion "1"]
[SourceVersionDate "2021.10.06"]
[SourceQuality "1"]
[WhiteTeam "Havirov Slovan"]
[BlackTeam "Trinec II"]
[WhiteTeamCountry "CZE"]
[BlackTeamCountry "CZE"]

1. d4 Nf6 2. Nf3 d5 3. c4 e6 4. g3 Be7 5. Bg2 0-0 6. 0-0 dxc4 7. Qc2 a6 8. a4 Bd7 9. Qxc4 Bc6 10. Bg5 Bd5 11. Qc1 Nc6 12. Bxf6 Bxf6 13. e3 e5 14. dxe5 Bxf3 15. Bxf3 Nxe5 16. Be2 Qd5 17. Rd1 Nf3+ 18. Bxf3 Qxf3 19. Nd2 Qe2 20. Re1 Qd3 21. Ra3 Qd5 22. e4 Qa5 23. Nc4 Qb4 24. e5 Be7 25. Re4 f5 26. Re2 f4 27. a5 Rad8 28. Rf3 Rd4 29. Rc2 Rfd8 30. Kg2 fxg3 31. hxg3 c6 32. b3 h6 33. Qe3 Qb5 34. e6 Qd5 35. Qe5 Qxe5 36. Nxe5 Re4 37. Rf7 Bf6 38. Ng6 Rb8 1/2-1/2

[Event "POL-chT 1st League"]
[Site "Pokrzywna"]
[Date "2018.09.02"]
[Round "2.5"]
[White "Flis, Pawel"]
[Black "Jaworski, Miroslaw"]
[Result "0-1"]
[WhiteElo "1905"]
[BlackElo "2207"]
[PlyCount "96"]
[EventDate "2018.09.01"]
[EventType "team-tourn"]
[EventRounds "9"]
[EventCountry "POL"]
[SourceTitle "CBM 186 Extra"]
[Source "ChessBase"]
[SourceDate "2018.08.24"]
[SourceVersion "1"]
[SourceVersionDate "2018.08.24"]
[SourceQuality "1"]
[WhiteTeam "Lodz Okucia Budowlane"]
[BlackTeam "Raciborz Silesia"]
[WhiteTeamCountry "POL"]
[BlackTeamCountry "POL"]

1. e4 c5 2. Nc3 Nc6 3. Bb5 Na5 4. Nf3 a6 5. Be2 d6 6. d4 cxd4 7. Nxd4 Nf6 8. a4 e6 9. Be3 Be7 10. 0-0 0-0 11. f4 Qc7 12. Qe1 Nc4 13. Bc1 d5 14. Bxc4 Qxc4 15. Nf3 Nxe4 16. Ne5 Qd4+ 17. Be3 Qxe3+ 18. Qxe3 Bc5 19. Qxc5 Nxc5 20. Rad1 a5 21. b3 Bd7 22. Nxd5 exd5 23. Rxd5 Bxa4 24. Rxc5 Be8 25. Rc7 b5 26. Rd1 f6 27. Nf3 Rf7 28. Rxf7 Kxf7 29. Kf2 a4 30. Ra1 Ke6 31. Ke3 Kd5 32. bxa4 bxa4 33. Nd2 Bb5 34. Nb1 Re8+ 35. Kf3 Kd4 36. c3+ Kd3 37. Na3 Bc6+ 38. Kg4 Re2 39. Rd1+ Rd2 40. Rc1 Rxg2+ 41. Kh3 Ra2 42. Rd1+ Ke2 43. Rd6 Rxa3 44. Rxc6 Kd2 45. Kg4 Rxc3 46. Rd6+ Rd3 47. Ra6 Rd4 48. Kf5 Ke3 0-1

[Event "CZE-chT2F 1718"]
[Site "Czech Republic"]
[Date "2018.01.28"]
[Round "7.2"]
[White "Jaworski, Miroslaw"]
[Black "Zabystrzan, Pavel"]
[Result "1/2-1/2"]
[WhiteElo "2211"]
[BlackElo "2199"]
[PlyCount "43"]
[EventDate "2017.10.15"]
[EventType "team-tourn"]
[EventRounds "11"]
[EventCountry "CZE"]
[SourceTitle "EXT 2022"]
[Source "ChessBase"]
[SourceDate "2021.10.06"]
[SourceVersion "1"]
[SourceVersionDate "2021.10.06"]
[SourceQuality "1"]
[WhiteTeam "Havirov Slovan"]
[BlackTeam "Orlova Slavia"]
[WhiteTeamCountry "CZE"]
[BlackTeamCountry "CZE"]

1. d4 Nf6 2. Nf3 g6 3. c4 c5 4. Nc3 cxd4 5. Nxd4 Bg7 6. e4 0-0 7. Be2 Nc6 8. Be3 d6 9. 0-0 Bd7 10. Qd2 Nxd4 11. Bxd4 Bc6 12. f3 a5 13. b3 Nd7 14. Be3 Nc5 15. Rab1 f5 16. exf5 gxf5 17. Nd5 Bxd5 18. cxd5 Be5 19. f4 Bg7 20. Bf3 b5 21. Kh1 b4 22. Bd4 1/2-1/2

[Event "Karvina op"]
[Site "Karvina"]
[Date "2017.07.06"]
[Round "6"]
[White "Jaworski, Miroslaw"]
[Black "Szotek, Josef"]
[Result "1-0"]
[WhiteElo "2228"]
[BlackElo "1967"]
[PlyCount "71"]
[EventDate "2017.07.01"]
[EventType "swiss"]
[EventRounds "9"]
[EventCountry "CZE"]
[SourceTitle "EXT 2018"]
[Source "ChessBase"]
[SourceDate "2017.10.13"]
[SourceVersion "1"]
[SourceVersionDate "2017.10.13"]
[SourceQuality "1"]

1. e4 e5 2. Nf3 Nc6 3. Bb5 a6 4. Ba4 d6 5. c3 Bd7 6. d4 Nge7 7. Be3 Ng6 8. h4 Be7 9. g3 h5 10. d5 Nb8 11. Bxd7+ Qxd7 12. c4 b6 13. Nc3 a5 14. Nd2 Na6 15. Qc2 Nc5 16. f3 Rf8 17. Nb5 Kd8 18. b3 f5 19. exf5 Qxf5 20. Qxf5 Rxf5 21. Ke2 Kd7 22. Nc3 Raf8 23. a3 Kc8 24. b4 Na6 25. bxa5 bxa5 26. Rab1 Kd7 27. Rb5 Ra8 28. Rxa5 Rff8 29. Rb1 Bf6 30. Nde4 Ne7 31. c5 Nf5 32. cxd6 Nxe3 33. Kxe3 cxd6 34. Rb6 Nc5 35. Rxd6+ Ke7 36. Rxc5 1-0

[Event "Orlova op 14th"]
[Site "Orlova"]
[Date "2017.05.24"]
[Round "5"]
[White "Cieslak, Wiktoria"]
[Black "Jaworski, Miroslaw"]
[Result "1/2-1/2"]
[WhiteElo "1935"]
[BlackElo "2236"]
[PlyCount "103"]
[EventDate "2017.05.20"]
[EventType "swiss"]
[EventRounds "9"]
[EventCountry "CZE"]
[SourceTitle "CBM 178 Extra"]
[Source "ChessBase"]
[SourceDate "2017.06.22"]
[SourceVersion "1"]
[SourceVersionDate "2017.06.22"]
[SourceQuality "1"]

1. e4 c6 2. d4 d5 3. Nc3 dxe4 4. Nxe4 Bf5 5. Ng3 Bg6 6. h4 h6 7. Nf3 Nd7 8. h5 Bh7 9. Bd3 Bxd3 10. Qxd3 e6 11. Bd2 Ngf6 12. 0-0-0 Be7 13. Kb1 Qb6 14. c4 Rd8 15. Ne4 Nxe4 16. Qxe4 Nf6 17. Qe2 c5 18. Bc3 cxd4 19. Nxd4 0-0 20. f4 Bb4 21. Bxb4 Qxb4 22. g4 Qb6 23. Nb3 Rxd1+ 24. Rxd1 Rd8 25. Rxd8+ Qxd8 26. g5 hxg5 27. fxg5 Nh7 28. g6 Nf8 29. gxf7+ Kxf7 30. Qf3+ Kg8 31. Qxb7 Qd3+ 32. Kc1 Qxc4+ 33. Kd2 a6 34. Qf3 Nd7 35. Qe2 Qxe2+ 36. Kxe2 Kf7 37. Ke3 e5 38. Kf3 Ke6 39. Nd2 Kd5 40. Ne4 Kd4 41. b4 Kc4 42. a3 Kd3 43. Nc5+ Nxc5 44. bxc5 e4+ 45. Kf4 e3 46. c6 e2 47. c7 e1Q 48. c8Q Qf2+ 49. Kg4 Qd4+ 50. Kg5 Qf6+ 51. Kg4 Qd4+ 52. Kg5 1/2-1/2

[Event "CZE-chT2F 1617"]
[Site "Czech Republic"]
[Date "2016.11.27"]
[Round "4.3"]
[White "Jaworski, Miroslaw"]
[Black "Vanek, Ladislav"]
[Result "1/2-1/2"]
[WhiteElo "2253"]
[BlackElo "2253"]
[PlyCount "47"]
[EventDate "2016.10.09"]
[EventType "team-tourn"]
[EventRounds "11"]
[EventCountry "CZE"]
[SourceTitle "EXT 2022"]
[Source "ChessBase"]
[SourceDate "2021.10.06"]
[SourceVersion "1"]
[SourceVersionDate "2021.10.06"]
[SourceQuality "1"]
[WhiteTeam "Havirov Slovan"]
[BlackTeam "Vrbno pod Pradedem"]
[WhiteTeamCountry "CZE"]
[BlackTeamCountry "CZE"]

1. d4 Nf6 2. c4 e6 3. Nc3 Bb4 4. e3 Bxc3+ 5. bxc3 c5 6. Bd3 Nc6 7. Ne2 d6 8. 0-0 e5 9. Ng3 0-0 10. d5 Ne7 11. e4 Ng6 12. Nf5 Nf4 13. Bc2 g6 14. Ne3 Kg7 15. g3 N4h5 16. f3 h6 17. Ng2 Bh3 18. Be3 Rh8 19. Rf2 g5 20. Qd2 Nh7 21. Qe2 N5f6 22. Bd2 Bxg2 23. Rxg2 Qe7 24. Rf1 1/2-1/2